00000000nam##2200000za#4500
0019.661771
003CaOODSP
00520210615120223
007ta
008150407|2000||||xxc|||||     f|0| 0 eng|d
020 |a0-662-64896-X
040 |aCaOODSP|beng
041 |aeng
041 |afre
043 |an-cn---
0861 |aSC94-73/2000
1101 |aCanada.|bCanadian Centre for Management Development.
24510|aNegotiating labour market development agreements / |cby Herman Bakvis and Peter Aucoin.
260 |aOttawa - Ontario : |bCanadian Centre for Management Development |c2000.
300 |aEnglish text, iv, 50p. : |breferences, tables ; |c28 cm.
500 |anull
546 |aBilingual
563 |aRing binding
590 |a02-04|b2002-01-25
69007|aLabour market|2gcpds
69007|aAgreements|2gcpds
69007|aNegotiations|2gcpds
7201 |aBakvis, Herman
7201 |aAucoin, Peter
7760#|tNégociation d'accords de développement du marché du travail / |w(CaOODSP)9.640015
7760#|tNegotiating labour market development agreements / |w(CaOODSP)9.695895
792 |tNégociation d'accords de développement du marché du travail / |efre|w(CaOODSP)9.661772